| 000 | 00889nam a22002177a 4500 | ||
|---|---|---|---|
| 005 | 20210325173243.0 | ||
| 008 | s2534 th j tha d | ||
| 041 | _atha | ||
| 050 | _aSC อ612ต 2534 | ||
| 100 | 0 | _aอาจินต์ ปัญจพรรค์ | |
| 245 | 1 | 0 | _aตะลุยอเมริกา ผ่าตัดรัสเซีย [4th] |
| 260 | 3 |
_aกรุงเทพฯ : _bหมึกจีน, _c2534 |
|
| 300 |
_a175 หน้า; _b 18 ซม. |
||
| 650 | 0 | 4 | _aการเดินทาง -- รัสเซีย -- เรื่องสั้น |
| 650 | 0 | 4 | _aการเดินทาง -- สหรัฐอเมริกา -- เรื่องสั้น |
| 850 | _aNALT | ||
| 942 | _cSHT | ||
| 997 | _a10320 ฉ.1 / 10797 ฉ.2 | ||
| 997 | _c000000000000900 | ||
| 998 | _aนางสาวสุพันดา สุภาพ | ||
| 999 |
_c900 _d900 |
||